| 000 | 00534nam a22001817a 4500 | ||
|---|---|---|---|
| 999 |
_c8962 _d8962 |
||
| 003 | GBCCL | ||
| 005 | 20241126110702.0 | ||
| 008 | 220208b ||||| |||| 00| 0 eng d | ||
| 040 | _cGBC | ||
| 082 |
_aVER 226.407 _bKHA |
||
| 100 |
_aKhamvum, V _913375 |
||
| 245 | _aTanchin hoih Luka gelh Hilhchetna Bung 1-12 | ||
| 260 |
_aNew Lamka: _bEvangelical Baptist Convention, _c2013 |
||
| 300 | _a192p. ; | ||
| 440 |
_aSaptuam' Laisiangthou Hilhchetna. _97247 |
||
| 650 |
_aBible _vNew Testament _vJohn _xCommentary _97301 |
||
| 942 |
_2ddc _cBK |
||